000 00588nam a22001817a 4500
999 _c179270
_d179270
005 20210603161500.0
010 _aB-739973
020 _c350.00
035 _aB-739973
037 _bGift
082 _a954.56
245 _aDelhi 1999:
_ba fact sheet
260 _aNew Delhi
_bNational capital Region Planning Board
_c1999
270 _aINdia Habitat Centre, Lodhi Road
_bNew Delhi
_e110003
300 _av, 76p.:
_c28cm(Hb)
_bill.
942 _2ddc
_cEN
_h954.56
_mDEL